Services marketing (Record no. 4119)

MARC details
005 - DATE AND TIME OF LATEST TRANSACTION
control field 20250616140751.0
020 ## - INTERNATIONAL STANDARD BOOK NUMBER
International Standard Book Number 0072961945
082 ## - DEWEY DECIMAL CLASSIFICATION NUMBER
Classification number 658.8 ZEI
100 ## - MAIN ENTRY--PERSONAL NAME
Author name ZEITHAML,V.
245 ## - TITLE STATEMENT
Title Services marketing
250 ## - EDITION STATEMENT
Edition statement 4th Ed.
260 ## - PUBLICATION, DISTRIBUTION, ETC.
Place of publication, distribution, etc. London,
Name of publisher, distributor, etc. Mc Graw Hill,
Date of publication, distribution, etc. 2006.
300 ## - PHYSICAL DESCRIPTION
Extent xii,708p.;ill
Other physical details Index.
Dimensions 25cm
700 ## - ADDED ENTRY--PERSONAL NAME
Other authors/Editors BITNER, M. & GREMLER, D.
942 ## - ADDED ENTRY ELEMENTS (KOHA)
Source of classification or shelving scheme Dewey Decimal Classification
Koha item type Books
Holdings
Date last seen Total checkouts Full call number Barcode Cost, replacement price Price effective from Koha item type Lost status Source of classification or shelving scheme Damaged status Not for loan Withdrawn status Home library Current library Shelving location Date acquired Cost, normal purchase price
06/16/2025   658.8 ZEI DOM0003704 225000.00 06/16/2025 Books   Dewey Decimal Classification       CBE Dodoma CBE Dodoma General Collection 12/20/2010 85000.00